Normal view
MARC view
Entry Personal Name
001 - CONTROL NUMBER
- control field: 11660
003 - CONTROL NUMBER IDENTIFIER
- control field: PK-LaUMT
005 - DATE AND TIME OF LATEST TRANSACTION
- control field: 20260514104449.0
008 - FIXED-LENGTH DATA ELEMENTS
- fixed length control field: 260514|| aca||aabn | a|a d
040 ## - CATALOGING SOURCE
- Original cataloging agency: PK-LaUMT
- Transcribing agency: PK-LaUMT
100 ## - HEADING--PERSONAL NAME
- Personal name: Witnauer, James E
670 ## - SOURCE DATA FOUND
- Source citation: Work cat.: (PK-LaUMT)140764: Essentials of statistics for the behavioral sciences /, 2021
